| 000 | 00683nam a2200193 a 4500 | ||
|---|---|---|---|
| 008 | 090325s2000 ||||||||||||||||| || u | ||
| 020 | _a0702024481 | ||
| 050 | _aRA 427.8 Nai | ||
| 100 | _aWills, Jane | ||
| 245 | 1 | 0 |
_aHealth promotion: foundations for practice.-- 2nd ed. _cby Jennie Naidoo, Jane Wills |
| 250 | _a2nd ed | ||
| 260 |
_aEdinburgh _bBaillière Tindall _c2000 |
||
| 300 | _avii, 400p.: ill | ||
| 350 | _a0.00 | ||
| 650 | _aHEALTH | ||
| 650 | 0 | _aHEALTH PROMOTION | |
| 700 | _aNaidoo, Jennie | ||
| 995 |
_D0.00 _FCBU-MAIN LIBRARY (Kitwe) _H1 _I0.00 _M1 _UAVAILABLE _WMay 7, 2009 _ZMain Library Open Access Collection |
||
| 999 |
_c45436 _d45436 |
||